Statistiques concernant Culture Générale Niveau "Idiot "

Cliquez ici pour prendre le quiz!

Statistiques générales

  • Ce quiz a été pris 237 fois
  • Le résultat moyen est 9 sur 10

Statistiques - réponses

HintRéponse% Correct
Pays le plus peuplé au MondeChine
98%
Capitale de l'EspagneMadrid
98%
Dictateur Nazi mort en1945Hitler
97%
Peintre ayant réalisé " La Joconde"Leonard De Vinci
94%
Je suis le chef "spirituel" de l'église catholiqueLe Pape
93%
Le plus grand sommet des AlpesMont-Blanc
90%
Mon président est Joe BidenUSA
90%
Youtubeur Français ayant le plus d'abonnésSqueezie
87%
Océan situé à l'Ouest de la FranceOcéan Atlantique
82%
Duo iconique du Youtube Français ayant traversé la Mer MéditerranéeMcfly et Carlito
80%

Distribution des résultats

Percentile par nombre de réponses

% des personnes avec chaque résultat

Votre développement - résultats

Vous n’avez pas pris ce quiz